[Event "World Rapid 2018"]
[Site "St Petersburg RUS"]
[Date "2018.12.26"]
[Round "2.46"]
[White "Sokolin, Leonid"]
[Black "Tomashevsky, Evgeny"]
[Result "0-1"]
[WhiteTitle "IM"]
[BlackTitle "GM"]
[WhiteElo "2508"]
[BlackElo "2705"]
[WhiteFideId "2009161"]
[BlackFideId "4147235"]
[EventDate "2018.12.26"]

1. e4 e5 2. Nf3 Nc6 3. Bb5 a6 4. Bxc6 dxc6 5. O-O Bd6 6. d4 exd4 7. Qxd4 f6 8.
Nc3 Ne7 9. h3 Ng6 10. Be3 Qe7 11. Qd2 O-O 12. Nd4 Bd7 13. Rae1 Rad8 14. Qe2 Bc8
15. Qc4+ Qf7 16. Qxf7+ Kxf7 17. Rd1 Rfe8 18. f4 Bf8 19. Kf2 c5 20. Nde2 b5 21.
Ng3 Bb7 22. f5 Ne5 23. b3 Bd6 24. Nd5 Bxd5 25. Rxd5 Nc6 26. Rfd1 Nb4 27. R5d2
Nxc2 28. Ne2 Nxe3 29. Kxe3 g5 30. fxg6+ hxg6 31. Kf3 Re5 32. Ng3 Rde8 33. Rc2
R5e6 34. Rd3 Rh8 35. Nf1 Rh4 36. Nd2 f5 37. exf5 Rf4+ 0-1

[Event "World Rapid 2018"]
[Site "St Petersburg RUS"]
[Date "2018.12.26"]
[Round "2.47"]
[White "Jakovenko, Dmitry"]
[Black "Potapov, Pavel"]
[Result "1-0"]
[WhiteTitle "GM"]
[BlackTitle "GM"]
[WhiteElo "2735"]
[BlackElo "2516"]
[WhiteFideId "4122356"]
[BlackFideId "4169786"]
[EventDate "2018.12.26"]

1. Nf3 f5 2. c4 Nf6 3. g3 g6 4. Bg2 Bg7 5. O-O O-O 6. d4 d6 7. Nc3 c6 8. Rb1 a5
9. Qb3 Kh8 10. Rd1 Na6 11. Na4 Rb8 12. Nb6 Be6 13. Be3 Ng4 14. d5 Nxe3 15. Qxe3
Bg8 16. Na4 cxd5 17. cxd5 b5 18. Nc3 Nc5 19. b4 axb4 20. Rxb4 Qa5 21. Rdb1 Na6
22. a3 Nxb4 23. axb4 Qb6 24. Qd3 Rfc8 25. Nd1 Rc4 26. e3 Rbc8 27. Nd2 Rc1 28.
Rxc1 Rxc1 29. Nb3 Rc4 30. Qd2 Qc7 31. Na5 Rc2 32. Qd3 Rc1 33. Nc6 e6 34. Bf3
exd5 35. Nd4 Qc4 36. Qd2 Rb1 37. Kg2 Qxb4 38. Nc3 Rb2 39. Qc1 Qa3 40. Nce2 Ra2
41. Qc7 Qc5 42. Qb8 b4 43. Nf4 Bxd4 44. Bxd5 Rxf2+ 45. Kxf2 Bxe3+ 46. Kf3 Kg7
47. Qxg8+ 1-0

[Event "World Rapid 2018"]
[Site "St Petersburg RUS"]
[Date "2018.12.26"]
[Round "2.49"]
[White "Jobava, Baadur"]
[Black "Kryakvin, Dmitry"]
[Result "1-0"]
[WhiteTitle "GM"]
[BlackTitle "GM"]
[WhiteElo "2627"]
[BlackElo "2588"]
[WhiteFideId "13601520"]
[BlackFideId "4153278"]
[EventDate "2018.12.26"]

1. d4 d5 2. c4 c6 3. Nc3 Nf6 4. Nf3 dxc4 5. a4 a5 6. e4 Bg4 7. Bxc4 e6 8. Be2
Bb4 9. O-O Nbd7 10. h3 Bh5 11. Ne5 Bxe2 12. Qxe2 O-O 13. Nd3 Be7 14. Rd1 Re8 15.
Be3 Nf8 16. Rac1 Rc8 17. g3 Bb4 18. f3 Ng6 19. Kg2 Qe7 20. Na2 Nd7 21. Naxb4
axb4 22. b3 f5 23. Bd2 fxe4 24. fxe4 e5 25. Bxb4 Qe6 26. Nc5 Nxc5 27. dxc5 Qxb3
28. Rb1 Qf7 29. Bc3 Rc7 30. a5 Nf8 31. Rf1 Qe6 32. Rf5 Nd7 33. Rbf1 Rf8 34.
Rxf8+ Nxf8 35. Qf3 Rf7 36. Qxf7+ Qxf7 37. Rxf7 Kxf7 38. Bxe5 Ne6 39. Bd6 Nd4 40.
Bc7 Nb3 41. Bd6 Nxa5 42. Kf3 Nc4 43. Bc7 Kf6 44. h4 Nb2 45. Ke3 Ke6 46. Kd4 Nd1
47. g4 Nf2 48. g5 h5 49. gxh6 gxh6 50. h5 Ng4 51. e5 Kf5 52. Bd6 Nf2 53. Bf8 Ng4
54. Bg7 Ke6 55. Ke4 Kf7 56. Kf4 Nf2 57. Bxh6 Nd3+ 58. Kf5 Nxc5 59. Bg5 Ne6 60.
h6 Nf8 61. Bf6 Nh7 62. e6+ Ke8 63. Bd4 b5 64. Bc5 1-0

[Event "World Rapid 2018"]
[Site "St Petersburg RUS"]
[Date "2018.12.26"]
[Round "2.50"]
[White "Anton Guijarro, David"]
[Black "Mikhalevski, Victor"]
[Result "1-0"]
[WhiteTitle "GM"]
[BlackTitle "GM"]
[WhiteElo "2642"]
[BlackElo "2579"]
[WhiteFideId "2285525"]
[BlackFideId "2801914"]
[EventDate "2018.12.26"]

1. e4 e5 2. Nf3 Nc6 3. Bc4 Bc5 4. c3 Nf6 5. d4 exd4 6. e5 d5 7. Bb5 Ne4 8. cxd4
Bb6 9. Nc3 O-O 10. Be3 Be6 11. O-O f6 12. exf6 Qxf6 13. Bxc6 bxc6 14. Qa4 c5 15.
dxc5 Nxc5 16. Qc6 Bf7 17. Nxd5 Qxc6 18. Ne7+ Kh8 19. Nxc6 Na4 20. b3 Nc3 21.
Rfe1 a5 22. Bd4 Bxd4 23. Nfxd4 a4 24. Rec1 Nd5 25. Ne5 Bg8 26. g3 c5 27. Rxc5
axb3 28. Nxb3 Nb4 29. Nd4 Rxa2 30. Rxa2 Nxa2 31. f4 Nb4 32. Rc7 Nd5 33. Ra7 Rb8
34. Nf5 g6 35. Nh6 Rb1+ 36. Kf2 Rb2+ 37. Kf3 Be6 38. Nhf7+ Bxf7 39. Nxf7+ Kg8
40. Nh6+ Kh8 41. Ng4 Rb6 42. Ra3 Rc6 43. Ra8+ Kg7 44. Ra5 Rc3+ 45. Ke2 Ne7 46.
Ra7 Kf8 47. Ne3 Rb3 48. h3 h5 49. Ra6 Kf7 50. g4 hxg4 51. hxg4 Rb5 52. Nc4 Rb4
53. Ne5+ Kf8 54. Kf3 Rb3+ 55. Kf2 Kg7 56. Ra7 Kf8 57. Ra6 Kg7 58. Re6 Kf8 59.
Nxg6+ Kf7 60. Rxe7+ Kxg6 61. Re6+ Kf7 62. Re3 Rb1 63. Kf3 Rf1+ 64. Ke4 Ke6 65.
g5 Rf2 66. Ra3 Re2+ 67. Kf3 Rb2 68. Ra6+ 1-0

[Event "World Rapid 2018"]
[Site "St Petersburg RUS"]
[Date "2018.12.26"]
[Round "2.51"]
[White "Reshetnikov, Alexey"]
[Black "Akopian, Vladimir"]
[Result "0-1"]
[WhiteTitle "IM"]
[BlackTitle "GM"]
[WhiteElo "2492"]
[BlackElo "2650"]
[WhiteFideId "4162080"]
[BlackFideId "13300032"]
[EventDate "2018.12.26"]

1. d4 Nf6 2. c4 e6 3. Nc3 c5 4. d5 exd5 5. cxd5 d6 6. Nf3 g6 7. Nd2 Nbd7 8. e4
Bg7 9. Be2 O-O 10. O-O Re8 11. Qc2 Ne5 12. h3 g5 13. Nf3 Nxf3+ 14. Bxf3 h6 15.
a4 Rb8 16. Ra3 a6 17. Ne2 b5 18. axb5 axb5 19. b4 Nd7 20. Bg4 cxb4 21. Rb3 Nc5
22. Rxb4 Bxg4 23. hxg4 Qc8 24. Ng3 Qxg4 25. Be3 Rbc8 26. Bxc5 Rxc5 27. Qd3 Kf8
28. Nf5 Be5 29. Qd1 Qxd1 30. Rxd1 Bc3 31. Rb3 Rxe4 32. Nxd6 Rd4 33. Rxd4 Bxd4
34. Nxb5 Rc1+ 35. Kh2 Bxf2 36. Rd3 Rc5 37. Nc3 Rc4 38. g3 Rd4 39. Rxd4 Bxd4 40.
Ne4 Be5 41. Kh3 f5 42. Nc5 g4+ 43. Kh4 Kf7 44. Kh5 Bxg3 45. Kxh6 Bf4+ 46. Kh5 g3 0-1

[Event "World Rapid 2018"]
[Site "St Petersburg RUS"]
[Date "2018.12.26"]
[Round "2.52"]
[White "Salem, A.R. Saleh"]
[Black "Belozerov, Andrei"]
[Result "1-0"]
[WhiteTitle "GM"]
[BlackTitle "GM"]
[WhiteElo "2660"]
[BlackElo "2528"]
[WhiteFideId "9301348"]
[BlackFideId "4120213"]
[EventDate "2018.12.26"]

1. e4 c6 2. d4 d5 3. Nd2 dxe4 4. Nxe4 Bf5 5. Ng3 Bg6 6. h4 h6 7. Nf3 Nd7 8. h5
Bh7 9. Bd3 Bxd3 10. Qxd3 e6 11. Bd2 Ngf6 12. O-O-O Be7 13. Kb1 O-O 14. Ne4 c5
15. Nxf6+ Bxf6 16. d5 c4 17. Qxc4 Nb6 18. Qb3 Qxd5 19. Bb4 Qxb3 20. axb3 Rfc8
21. Ba5 Nd5 22. c4 b6 23. Bd2 Ne7 24. Be3 Rd8 25. b4 Rdc8 26. Rc1 Nc6 27. b5 Na5
28. Nd2 a6 29. Bxb6 axb5 30. c5 Bg5 31. Bxa5 Rxa5 32. Nb3 Ra4 33. Rc2 Kf8 34.
Rd1 Rc4 35. Rd3 Ke7 36. Rd4 Ra4 37. c6 Bf6 38. Rd7+ Ke8 39. Rb7 Rh4 40. Rxb5
Rh1+ 41. Ka2 Bd8 42. Nd2 Rd1 43. Rb7 Be7 44. b4 Ra8+ 45. Kb3 Rda1 46. Kc4 R1a4
47. Ne4 Rc8 48. Kb3 Rca8 49. Nc5 Ra3+ 50. Kc4 Rc8 51. Kb5 Ra1 52. Nd7 Rb1 53.
Rc4 Bxb4 54. Rxb4 Rxb4+ 55. Kxb4 Rxc6 56. Nc5 Rd6 57. Kc4 Rd1 58. Ne4 Rd5 59.
Rb5 f5 60. Rb8+ Ke7 61. Rb7+ Ke8 62. Nc5 Rd2 63. Nxe6 Rxf2 64. Rxg7 f4 65. Rg6
Kf7 66. Nd4 Ke7 67. Kd5 Kf7 68. Ke4 1-0

[Event "World Rapid 2018"]
[Site "St Petersburg RUS"]
[Date "2018.12.26"]
[Round "2.53"]
[White "Dreev, Aleksey"]
[Black "Vishnu Prasanna, V"]
[Result "1-0"]
[WhiteTitle "GM"]
[BlackTitle "GM"]
[WhiteElo "2670"]
[BlackElo "2518"]
[WhiteFideId "4100107"]
[BlackFideId "5030692"]
[EventDate "2018.12.26"]

1. d4 Nf6 2. Nf3 g6 3. g3 Bg7 4. Bg2 O-O 5. O-O d6 6. b3 Nbd7 7. Bb2 Re8 8. c4
c6 9. e3 a6 10. b4 b5 11. Nfd2 d5 12. cxd5 Nxd5 13. Qb3 e5 14. Nc3 Bb7 15. Nxd5
cxd5 16. Bxd5 Bxd5 17. Qxd5 Nb6 18. Qxd8 Raxd8 19. Nb3 Na4 20. Rab1 Nxb2 21.
Rxb2 exd4 22. exd4 Bxd4 23. Rc2 Bg7 24. Nc5 Rd6 25. Kg2 Bf8 26. Rfc1 h5 27. h4
Bh6 28. Rb1 Rc6 29. Rd1 Rec8 30. Rd7 a5 31. a3 Bf8 32. Rd5 a4 33. Kf3 Rf6+ 34.
Kg2 Rfc6 35. Kf3 Be7 36. Ke4 Bf8 37. Kd3 R6c7 38. f3 Rc6 39. f4 f5 40. Re5 Rd8+
41. Ke2 Kf7 42. Rd2 Rxd2+ 43. Kxd2 Rc8 44. Ne6 Be7 45. Ng5+ Bxg5 46. hxg5 Rd8+
47. Ke3 Rb8 48. Kd4 Rb7 49. Kc5 Rc7+ 50. Kxb5 Rc3 51. Kxa4 Rxg3 52. b5 h4 53. b6
h3 54. b7 1-0

[Event "World Rapid 2018"]
[Site "St Petersburg RUS"]
[Date "2018.12.26"]
[Round "2.54"]
[White "Usmanov, Vasily"]
[Black "Kovalenko, Igor"]
[Result "1-0"]
[WhiteTitle "IM"]
[BlackTitle "GM"]
[WhiteElo "2450"]
[BlackElo "2657"]
[WhiteFideId "4135741"]
[BlackFideId "14117908"]
[EventDate "2018.12.26"]

1. d4 Nf6 2. c4 c6 3. Nf3 d5 4. cxd5 cxd5 5. Nc3 Nc6 6. Bf4 a6 7. e3 Bg4 8. h3
Bxf3 9. Qxf3 e6 10. Bd3 h6 11. O-O Bd6 12. Rac1 O-O 13. a3 Ne8 14. Na4 Qf6 15.
Bxd6 Qxf3 16. gxf3 Nxd6 17. Nb6 Rad8 18. f4 g6 19. Rc5 Kg7 20. h4 h5 21. Rfc1
Rfe8 22. Kg2 Re7 23. b4 Kf6 24. Kh3 Ree8 25. R1c2 Re7 26. Rb2 Na7 27. Rbc2 Kg7
28. Rc7 Kf8 29. Rxe7 Kxe7 30. Rc7+ Ke8 31. Bxa6 Rb8 32. Bd3 Nab5 33. Rc5 Nxa3
34. Kg2 Rd8 35. Kf3 Ke7 36. Ke2 Kf6 37. Kd1 Nf5 38. Ra5 Nc4 39. Bxc4 dxc4 40.
Nxc4 Rc8 41. Rc5 Ra8 42. Rc7 Nxh4 43. Ne5 Kf5 44. Rxf7+ Ke4 45. Rxb7 Ra2 46. b5
Rxf2 47. b6 Nf5 48. Kc1 Nxe3 49. Rc7 Rf1+ 50. Kb2 Rf2+ 51. Kb1 h4 52. b7 h3 53.
b8=Q h2 54. Rc1 Rg2 55. Qb7+ Nd5 56. Qh7 Kxd4 57. Nf3+ 1-0

[Event "World Rapid 2018"]
[Site "St Petersburg RUS"]
[Date "2018.12.26"]
[Round "2.55"]
[White "Drygalov, Sergey"]
[Black "Jones, Gawain C B"]
[Result "1-0"]
[WhiteTitle "IM"]
[BlackTitle "GM"]
[WhiteElo "2446"]
[BlackElo "2682"]
[WhiteFideId "24171743"]
[BlackFideId "409561"]
[EventDate "2018.12.26"]

1. d4 Nf6 2. Nf3 g6 3. c4 Bg7 4. g3 O-O 5. Bg2 c5 6. Nc3 d6 7. O-O Nc6 8. dxc5
dxc5 9. Bf4 Nh5 10. Be3 Nd4 11. Qd2 e5 12. Nd5 Nf6 13. Nxd4 exd4 14. Bg5 Bf5 15.
a3 Rc8 16. e4 dxe3 17. fxe3 Ne4 18. Bxe4 Qxg5 19. Bxf5 gxf5 20. Rxf5 Qd8 21.
Raf1 Rc6 22. Qf2 Qe8 23. b3 b6 24. Qf4 Qe6 25. Qg5 h6 26. Qh5 Rd6 27. a4 Rxd5
28. cxd5 Qxe3+ 29. Kg2 Qxb3 30. Rxf7 Qc2+ 31. Kh3 Rxf7 32. Qxf7+ Kh8 33. d6 Qd3
34. d7 c4 35. Rf4 c3 36. Qe8+ Kh7 37. d8=Q 1-0

[Event "World Rapid 2018"]
[Site "St Petersburg RUS"]
[Date "2018.12.26"]
[Round "2.56"]
[White "Demchenko, Anton"]
[Black "Sanal, Vahap"]
[Result "1-0"]
[WhiteTitle "GM"]
[BlackTitle "GM"]
[WhiteElo "2679"]
[BlackElo "2490"]
[WhiteFideId "4160258"]
[BlackFideId "6300545"]
[EventDate "2018.12.26"]

1. e4 e5 2. Nf3 Nf6 3. Nxe5 d6 4. Nf3 Nxe4 5. Qe2 Qe7 6. d3 Nf6 7. Bg5 Nbd7 8.
Nc3 Qxe2+ 9. Bxe2 Be7 10. O-O-O O-O 11. h3 Re8 12. Rde1 a6 13. Bd1 b5 14. Ne2
Bb7 15. Ned4 g6 16. Bd2 c5 17. Nb3 Bd5 18. Na5 Rac8 19. Kb1 Nf8 20. Rhg1 Ne6 21.
Ng5 Bf8 22. Nxe6 fxe6 23. f4 Ba8 24. g4 Kf7 25. c4 Nd7 26. Ref1 Bg7 27. f5 Bd4
28. Rg3 Kg7 29. cxb5 axb5 30. a4 Rb8 31. Bc1 Be5 32. Re3 exf5 33. gxf5 Nb6 34.
axb5 Nd5 35. Ree1 Nb4 36. Re3 Bd5 37. Nc4 Nxd3 38. Nxe5 Nxe5 39. Be2 gxf5 40.
Rxf5 Bf7 41. Rf1 Bg6+ 42. Ka2 c4 43. Ra3 Rb7 44. Bd2 Nd3 45. Bc3+ Kh6 46. Bd2+
Kg7 47. Bc3+ Kh6 48. Bf3 Be4 49. Ra6 Bxf3 50. Rxd6+ Kg5 51. Rxf3 Re2 52. Rg3+
Kh4 53. Rg4+ Kxh3 54. Rxc4 Ne5 55. Rc5 Ng4 56. Kb3 Re3 57. Kb4 Kg3 58. b6 Nf2
59. Rc7 Rb8 60. Kb5 Ne4 61. Rdc6 Rd3 62. Be5+ Kf3 63. Rf7+ Ke3 64. Bxb8 1-0

[Event "World Rapid 2018"]
[Site "St Petersburg RUS"]
[Date "2018.12.26"]
[Round "2.57"]
[White "Lomasov, Semyon"]
[Black "Esipenko, Andrey"]
[Result "1/2-1/2"]
[WhiteTitle "IM"]
[BlackTitle "GM"]
[WhiteElo "2553"]
[BlackElo "2593"]
[WhiteFideId "24164879"]
[BlackFideId "24175439"]
[EventDate "2018.12.26"]

1. d4 Nf6 2. c4 g6 3. Nc3 d5 4. Bg5 Ne4 5. Bh4 Nxc3 6. bxc3 dxc4 7. e3 Be6 8.
Be2 Bg7 9. Nh3 Bxh3 10. gxh3 Qd7 11. Bg3 O-O 12. O-O c5 13. dxc5 Qf5 14. Bxc4
Qxc5 15. Qd5 1/2-1/2

[Event "World Rapid 2018"]
[Site "St Petersburg RUS"]
[Date "2018.12.26"]
[Round "2.58"]
[White "Bazeev, German"]
[Black "Grigoriants, Sergey"]
[Result "1-0"]
[BlackTitle "GM"]
[WhiteElo "2416"]
[BlackElo "2540"]
[WhiteFideId "24119350"]
[BlackFideId "4130804"]
[EventDate "2018.12.26"]

1. d4 Nf6 2. Nf3 g6 3. c4 Bg7 4. Nc3 d5 5. cxd5 Nxd5 6. Qa4+ Nc6 7. e4 Nb6 8.
Qc2 O-O 9. d5 Nb8 10. a4 c6 11. a5 N6d7 12. Be2 Nf6 13. O-O cxd5 14. Rd1 Qc7 15.
exd5 Na6 16. Qb3 Bd7 17. Be3 Rfc8 18. h3 Nc5 19. Qb4 b6 20. a6 Ne8 21. Nd4 Nd6
22. Bf4 Qd8 23. Bf3 Nxa6 24. Rxa6 Rc4 25. Bxd6 Qc8 26. Be2 Rxb4 27. Bxb4 Qc7 28.
Nc6 Bxc6 29. dxc6 Bf8 1-0

[Event "World Rapid 2018"]
[Site "St Petersburg RUS"]
[Date "2018.12.26"]
[Round "2.59"]
[White "Potkin, Vladimir"]
[Black "Christiansen, Johan-Sebastian"]
[Result "1-0"]
[WhiteTitle "GM"]
[BlackTitle "GM"]
[WhiteElo "2597"]
[BlackElo "2555"]
[WhiteFideId "4131061"]
[BlackFideId "1512668"]
[EventDate "2018.12.26"]

1. c4 e5 2. Nc3 Nc6 3. Nf3 Nf6 4. g3 d5 5. cxd5 Nxd5 6. Bg2 Bc5 7. O-O O-O 8. d3
Re8 9. Qb3 Nxc3 10. bxc3 h6 11. Nd2 a5 12. Nc4 Bf8 13. a4 Qd7 14. Ba3 Bxa3 15.
Rxa3 b6 16. Rd1 Bb7 17. e3 Rad8 18. d4 e4 19. Nd2 Nb8 20. Raa1 Qe7 21. Qc2 Nd7
22. Rab1 h5 23. c4 Nf6 24. c5 Ba6 25. cxb6 Bd3 26. Qxc7 Bxb1 27. Qxe7 Rxe7 28.
Rxb1 Nd5 29. Rb5 Nc3 30. Rxa5 Rb8 31. Ra6 Nd5 32. Nc4 Rc8 33. Bf1 Rb8 34. Ra5
Nxb6 35. Rb5 Nd7 36. Rxh5 Rb1 37. Kg2 Ra1 38. a5 g6 39. Rb5 Nf6 40. Ne5 Ra7 41.
a6 Kg7 42. Rb3 Ra2 43. Bc4 Rc2 44. Rb4 Rc7 45. Ra4 Ng4 46. a7 Nxe3+ 47. Kh3 Rxa7
48. Rxa7 Nxc4 49. Rxf7+ Kh6 50. Rc7 Na3 51. Rxc2 Nxc2 52. d5 Kg5 53. d6 Kf6 54.
d7 Ke7 55. Kg4 e3 56. fxe3 Nxe3+ 57. Kg5 Nf1 58. Nf3 Kxd7 59. Kxg6 Ke7 60. g4
Kf8 61. h4 Ne3 62. g5 Nd5 63. Kh7 Nf4 64. Ne5 Nh5 65. Kg6 Nf4+ 66. Kf5 Nd5 67.
h5 Kg7 68. h6+ Kh7 69. Nf7 Ne7+ 70. Kg4 Nd5 71. Ne5 Nc7 72. Kh5 Ne6 73. g6+ Kg8
74. Kg4 Nd4 75. h7+ 1-0

[Event "World Rapid 2018"]
[Site "St Petersburg RUS"]
[Date "2018.12.26"]
[Round "2.61"]
[White "Sarana, Alexey"]
[Black "Anikonov, Dmitry"]
[Result "1/2-1/2"]
[WhiteTitle "GM"]
[BlackTitle "FM"]
[WhiteElo "2618"]
[BlackElo "2371"]
[WhiteFideId "24133795"]
[BlackFideId "24178012"]
[EventDate "2018.12.26"]

1. d4 e6 2. Nf3 Nf6 3. g3 c5 4. Bg2 cxd4 5. Nxd4 d5 6. O-O e5 7. Nb3 Nc6 8. Bg5
Be6 9. Nc3 d4 10. Ne4 Be7 11. Nec5 Bxb3 12. Bxf6 Bxf6 13. cxb3 Qe7 14. Nxb7 Qxb7
15. Rc1 Rc8 16. Qc2 O-O 17. Bxc6 Qa6 18. a3 Rc7 19. Qe4 Qb6 20. b4 Rd8 21. Rc4
g6 22. Rfc1 Re7 23. Bd5 Bg5 24. R1c2 Qd6 25. Rc5 Kg7 26. g4 Bf4 27. e3 Bg5 28.
Kg2 h5 29. exd4 exd4 30. Qxd4+ Bf6 31. Qc4 hxg4 32. Qxg4 Re5 33. Bb3 Rh8 34.
Rxe5 Qxe5 35. h3 Rh5 36. Rc5 Rg5 37. Rxe5 Rxg4+ 38. Kf3 Rxb4 39. Re3 Rb7 40. Rd3
Bxb2 41. a4 Rc7 42. Ke4 Rc3 43. Rxc3 1/2-1/2

[Event "World Rapid 2018"]
[Site "St Petersburg RUS"]
[Date "2018.12.26"]
[Round "2.62"]
[White "Borisenko, Viacheslav"]
[Black "Iljiushenok, Ilia"]
[Result "0-1"]
[WhiteTitle "IM"]
[BlackTitle "GM"]
[WhiteElo "2289"]
[BlackElo "2533"]
[WhiteFideId "14115824"]
[BlackFideId "24105074"]
[EventDate "2018.12.26"]

1. e4 c5 2. Nf3 e6 3. c3 Nf6 4. d3 Nc6 5. Be2 Be7 6. O-O O-O 7. h3 d5 8. e5 Nd7
9. d4 f6 10. exf6 Bxf6 11. Be3 b6 12. a4 e5 13. Qb3 Ne7 14. dxe5 Nxe5 15. Nbd2
Bf5 16. Rfd1 N5c6 17. Nf1 h6 18. Bb5 Na5 19. Qa2 c4 20. Ba6 Nb3 21. Bxc4 Nxa1
22. Qxa1 Bc2 23. Rd2 Be4 24. Be2 Nf5 25. Qd1 Qe7 26. Bf4 Rad8 27. Ne3 Nxe3 28.
Bxe3 Kh8 29. Nd4 Bxd4 30. Rxd4 Rd6 31. Bd3 Rg6 32. Bxe4 dxe4 33. Rd7 Qe6 34. Kf1
a6 35. Qd4 Kh7 36. c4 Rc8 37. b3 b5 38. axb5 axb5 39. cxb5 Qxb3 40. b6 Qb1+ 41.
Qd1 Rxb6 42. Bxb6 Rc1 43. Qxc1 Qxc1+ 44. Ke2 Qb2+ 45. Ke3 Qxb6+ 46. Rd4 Kg6 47.
Kxe4 Qc6+ 48. Ke3 Qc3+ 49. Rd3 Qc5+ 50. Ke2 Qe5+ 51. Re3 Qb2+ 52. Kf3 Kf5 53. g3
Qb7+ 54. Ke2 Qg2 55. Rf3+ Kg5 56. h4+ Kg4 57. Rf4+ Kh3 58. Ke3 Qd5 59. Rd4 Qc5
60. Kd3 Kg2 61. Rf4 Qd5+ 62. Ke3 Qe5+ 63. Kd3 g5 64. hxg5 hxg5 65. Re4 Qd5+ 66.
Ke3 Qc5+ 67. Rd4 Qe5+ 68. Re4 Qc3+ 69. Ke2 Qf3+ 0-1

[Event "World Rapid 2018"]
[Site "St Petersburg RUS"]
[Date "2018.12.26"]
[Round "2.63"]
[White "Novikov, Stanislav"]
[Black "Yakubboev, Nodirbek"]
[Result "1/2-1/2"]
[WhiteTitle "GM"]
[BlackTitle "IM"]
[WhiteElo "2540"]
[BlackElo "2556"]
[WhiteFideId "4125371"]
[BlackFideId "14203987"]
[EventDate "2018.12.26"]

1. e4 c5 2. Nf3 d6 3. c3 Nf6 4. Be2 g6 5. O-O Bg7 6. Bb5+ Nc6 7. Re1 a6 8. Bxc6+
bxc6 9. d4 cxd4 10. cxd4 d5 11. e5 Ne4 12. Nbd2 c5 13. Qc2 Bf5 14. dxc5 Rc8 15.
Nxe4 dxe4 16. Nh4 Bxe5 17. Be3 Qd3 18. Qxd3 exd3 19. Nxf5 gxf5 20. Rad1 f4 21.
Bc1 Rxc5 22. Rxd3 f6 23. Bd2 Kf7 24. Bc3 Rhc8 25. Rc1 Rb5 26. g3 fxg3 27. hxg3
Bxc3 28. Rcxc3 Rxc3 29. bxc3 Rb2 30. a4 Rb3 31. Rd7 Ra3 32. Ra7 Rxa4 33. Kg2 Ke6
34. Kf3 h5 35. Ke3 Kd6 36. Ra8 Ra3 37. Kd3 Ra2 38. Ke3 a5 39. Ra6+ Kd5 40. f4 a4
41. Kd3 Rg2 42. Ra5+ Ke6 43. Rxa4 Rxg3+ 44. Kd4 Rf3 45. Ke4 Rxc3 46. f5+ Kf7 47.
Kf4 h4 48. Ra1 h3 49. Rh1 Ke8 50. Kg4 Rd3 51. Rh2 Kd7 52. Re2 Rd5 53. Rf2 Rd3
54. Re2 Ke8 55. Rh2 Kd8 56. Re2 Kd7 57. Ra2 Kd6 58. Re2 Rd5 59. Re6+ Kd7 60. Re2
Rd3 61. Ra2 Kd6 62. Re2 Kd7 63. Ra2 1/2-1/2

[Event "World Rapid 2018"]
[Site "St Petersburg RUS"]
[Date "2018.12.26"]
[Round "2.65"]
[White "Rashkovsky, Nukhim N"]
[Black "Melkumyan, Hrant"]
[Result "0-1"]
[WhiteTitle "GM"]
[BlackTitle "GM"]
[WhiteElo "2482"]
[BlackElo "2670"]
[WhiteFideId "4100603"]
[BlackFideId "13302485"]
[EventDate "2018.12.26"]

1. Nc3 c5 2. Nf3 Nc6 3. g3 d5 4. Bg2 d4 5. Nb1 e5 6. d3 Bd6 7. Nbd2 Nge7 8. O-O
O-O 9. c3 h6 10. Ne4 Be6 11. a3 a5 12. a4 Rc8 13. Nfd2 b6 14. Nxd6 Qxd6 15. f4
exf4 16. Ne4 Qd8 17. Bxf4 Nd5 18. c4 Nxf4 19. gxf4 Ne7 20. Ng3 Nf5 21. Qd2 Qd7
22. Be4 Rfe8 23. Rf2 Nxg3 24. hxg3 Bxc4 25. f5 Bd5 26. f6 Bxe4 27. dxe4 Rxe4 28.
fxg7 Qh3 29. Raf1 Rg4 30. Rg2 Rxg3 31. Rf2 Rxg2+ 32. Rxg2 Re8 33. Qc2 0-1

[Event "World Rapid 2018"]
[Site "St Petersburg RUS"]
[Date "2018.12.26"]
[Round "2.66"]
[White "Sanikidze, Tornike"]
[Black "Savchenko, Boris"]
[Result "0-1"]
[WhiteTitle "GM"]
[BlackTitle "GM"]
[WhiteElo "2507"]
[BlackElo "2562"]
[WhiteFideId "13602608"]
[BlackFideId "4147332"]
[EventDate "2018.12.26"]

1. d4 Nf6 2. c4 g6 3. Nc3 d5 4. cxd5 Nxd5 5. Bd2 Nb6 6. e3 Bg7 7. f4 O-O 8. Nf3
Bf5 9. h3 Be6 10. Ne4 Nc4 11. Bc1 Nd6 12. Nc3 c5 13. d5 Bf5 14. Bd3 Bxd3 15.
Qxd3 c4 16. Qc2 Na6 17. Qe2 Nb4 18. O-O Bxc3 19. bxc3 Nxd5 20. Qc2 Qa5 21. Bd2
Nf6 22. Rab1 Rfd8 23. Nd4 Nfe4 24. Be1 Rd7 25. f5 Qe5 26. g4 Nc5 27. Qe2 Nd3 28.
Bh4 Ne4 29. fxg6 hxg6 30. Rb5 Rd5 31. Qf3 f6 32. Rxd5 Qxd5 33. Ne2 Rd8 34. Rb1
b6 35. Kg2 Ne5 0-1

[Event "World Rapid 2018"]
[Site "St Petersburg RUS"]
[Date "2018.12.26"]
[Round "2.67"]
[White "Bocharov, Ivan"]
[Black "Belyakov, Bogdan"]
[Result "1-0"]
[WhiteTitle "IM"]
[BlackTitle "IM"]
[WhiteElo "2563"]
[BlackElo "2459"]
[WhiteFideId "4180887"]
[BlackFideId "24104795"]
[EventDate "2018.12.26"]

1. e4 e5 2. Bc4 Nc6 3. Nf3 Bc5 4. d3 Nf6 5. O-O O-O 6. a4 a5 7. Re1 h6 8. Nbd2
d6 9. h3 Be6 10. c3 Re8 11. Bb5 Bd7 12. Nf1 Ba7 13. Ng3 Ne7 14. Nh4 c6 15. Bc4
d5 16. Ba2 Ng6 17. Nhf5 Be6 18. Qf3 dxe4 19. dxe4 Bxa2 20. Rxa2 Re6 21. b3 Qf8
22. Rd1 Rd8 23. Rxd8 Qxd8 24. Rd2 Qf8 25. Rd3 Bb6 26. Nh5 Nxh5 27. Qxh5 Nf4 28.
Bxf4 exf4 29. Qf3 g6 30. Nd4 Bxd4 31. Rxd4 Qa3 32. Qxf4 Qxb3 33. Qxh6 Re8 34.
Qe3 b5 35. axb5 cxb5 36. h4 Qe6 37. h5 gxh5 38. Qg5+ Qg6 39. Qxb5 Rxe4 40. Qxa5
Rxd4 41. cxd4 Qg4 42. Qe5 h4 43. Kh2 Kh7 44. f3 Qd7 45. Qh5+ Kg7 46. Qxh4 Kf8
47. Qh8+ Ke7 48. Qe5+ Kf8 49. d5 Qa4 50. Kg3 Qd7 51. d6 Qd8 52. Qh8# 1-0

[Event "World Rapid 2018"]
[Site "St Petersburg RUS"]
[Date "2018.12.26"]
[Round "2.68"]
[White "Najer, Evgeniy"]
[Black "Zakhartsov, Vladimir"]
[Result "1-0"]
[WhiteTitle "GM"]
[BlackTitle "IM"]
[WhiteElo "2670"]
[BlackElo "2486"]
[WhiteFideId "4118987"]
[BlackFideId "4145097"]
[EventDate "2018.12.26"]

1. e4 c5 2. Nf3 d6 3. d4 Nf6 4. Nc3 cxd4 5. Nxd4 a6 6. Qd3 e5 7. Nf5 Bxf5 8.
exf5 d5 9. Bg5 d4 10. Ne4 Nbd7 11. Be2 Qa5+ 12. Bd2 Qb6 13. O-O Nc5 14. Nxc5
Bxc5 15. b4 Be7 16. Bf3 O-O 17. c4 dxc3 18. Bxc3 Rad8 19. Qe2 Bd6 20. Rfe1 Rc8
21. Bd2 h6 22. g3 Rfd8 23. Be3 Qc7 24. a3 e4 25. Bg2 Qd7 26. g4 Bb8 27. Rad1 Qc7
28. Rxd8+ Rxd8 29. h3 Nd5 30. Bc1 Re8 31. Kf1 Qh2 32. Qc4 Nf6 33. a4 Bf4 34. Bb2
Be5 35. Ba3 Bf4 36. b5 axb5 37. Qxb5 e3 38. Bc5 Re5 39. fxe3 h5 40. Re2 hxg4 41.
Qc4 Rxf5 42. Rf2 Rxc5 43. Qxc5 Bg3 44. Qc8+ Kh7 45. Qf5+ Kh6 46. hxg4 Nh7 47.
Rb2 Bd6 48. Qh5+ 1-0